Statistics for Billy Joel Songs

Click here to take the quiz!

General Stats

  • This quiz has been taken 110 times
  • The average score is 40 of 114

Answer Stats

HintAnswer% Correct
River of DreamsPiano Man
97%
Uptown Girl
81%
The Stranger
78%
She's Always a Woman
73%
Scenes from an Italian Restaurant
72%
We Didn't Start the Fire
72%
An Innocent Man
70%
The River of Dreams
70%
Vienna
70%
Allentown
66%
Big Shot
64%
Just the Way You Are
64%
My Life
61%
New York State of Mind
59%
Captain Jack
58%
It's Still Rock and Roll to Me
56%
You May Be Right
56%
Only the Good Die Young
55%
The Entertainer
55%
52nd Street
53%
The Longest Time
53%
Zanzibar
53%
Honesty
52%
Movin' Out (Anthony's Song)
52%
Pressure
52%
Goodnight Saigon
47%
Cold Spring HarborShe's Got a Way
47%
The Ballad of Billy the Kid
47%
The Downeaster 'Alexa'
47%
Keeping the Faith
45%
Storm Front
45%
Don't Ask Me Why
42%
Rosalinda's Eyes
42%
Tell Her About It
42%
Leningrad
41%
Prelude/Angry Young Man
41%
Sleeping with the Television On
41%
Stiletto
41%
Root Beer Rag
39%
Say Goodbye to Hollywood
39%
All for Leyna
38%
A Matter of Trust
38%
And So It Goes
38%
Laura
38%
Sometimes a Fantasy
36%
Streetlife Serenader
34%
Christie Lee
33%
Leave a Tender Moment Alone
33%
Scandinavian Skies
31%
Until the Night
31%
Baby Grand
30%
This Night
30%
Where's the Orchestra?
30%
Everybody Has a Dream
28%
Streetlife SerenadeEverybody Loves You Now
28%
Get It Right the First Time
28%
She's Right on Time
28%
Stop in Nevada
28%
Summer, Highland Falls
28%
Easy Money
27%
James
27%
Lullabye (Goodnight, My Angel)
27%
Shameless
27%
The Great Wall of China
27%
All About Soul
25%
The StrangerFalling of the Rain
25%
I Don't Want to Be Alone
25%
I've Loved These Days
25%
The Mexican Connection
25%
The Nylon CurtainTomorrow Is Today
25%
TurnstilesWhy Judy Why
25%
Worse Comes to Worst
25%
You're My Home
25%
Ain't No Crime
23%
All You Wanna Do Is Dance
23%
Famous Last Words
23%
I Go to Extremes
23%
Los Angelenos
23%
Modern Woman
23%
Roberta
23%
Storm FrontTravelin' Prayer
23%
Big Man on Mulberry Street
22%
Careless Talk
22%
Code of Silence
22%
Miami 2017 (Seen the Lights Go Out on Broadway)
22%
An Innocent ManNocturne
22%
Half a Mile Away
20%
Running on Ice
20%
Shades of Grey
20%
Souvenir
20%
That's Not Her Style
20%
The Great Suburban Showdown
20%
This Is the Time
20%
When in Rome
20%
Piano ManYou Can Make Me Free
20%
A Room of Our Own
19%
Blonde Over Blue
19%
Close to the Borderline
19%
No Man's Land
19%
Somewhere Along the Line
19%
Temptation
19%
Through the Long Night
19%
If I Only Had the Words (To Tell You)
17%
Last of the Big Time Spenders
17%
State of Grace
17%
Surprises
17%
52nd StreetTurn Around
17%
Weekend Song
17%
C'était Toi (You Were the One)
16%
Getting Closer
16%
The BridgeGot to Begin Again
16%
Two Thousand Years
16%
Glass HousesYou Look So Good to Me
16%
A Minor Variation
14%

Score Distribution

Percentile by Number Answered

Percent of People with Each Score

Your Score History

You have not taken this quiz